Titres de chansons d'Orelsan - Clic quiz - Statistiques

Statistiques générales
  • Ce quiz a été pris 4 797 fois
  • Le résultat moyen est 21 sur 25
Statistiques - réponses
Hint Réponse % Correct
La Terre est ... ronde
97%
Tout va ... bien
96%
Le ... des sirènes chant
96%
50 pour ... cent
94%
La fête est ... finie
94%
Notes pour trop ... tard
94%
Seul avec du monde ... autour
90%
Suicide ... social
90%
Jour ... meilleur
89%
... de l'échec peur
89%
Bonne ... meuf
88%
Rêves ... bizarres
87%
Plus ... ne m'étonne rien
87%
... verre dernier
86%
Baise le ... monde
86%
... d'avance perdu
86%
La ... pluie
84%
Soirée ... ratée
84%
Logo dans le ... ciel
79%
Ils sont ... cools
78%
Du ... propre
78%
... vie double
77%
Si ... seul
71%
OK... super
68%
Rêve ... mieux
65%
Aucun quiz correspondant
Distribution des résultats
% des personnes avec chaque résultat
Percentile par nombre de réponses
Votre historique - résultats
Vous n’avez pas pris ce quiz